| 000 | 00351nam a2200145Ia 4500 | ||
|---|---|---|---|
| 008 | 230312s9999||||xx |||||||||||||| ||und|| | ||
| 082 |
_a618 _bARS-F |
||
| 100 | _aArshad,Chohan | ||
| 245 | 0 | _aFundamentals of Gynaecology | |
| 260 |
_bMARPublication _aPAKISTAN _c2010 |
||
| 300 | _a368 | ||
| 546 | _aEng. | ||
| 650 |
_aMedical _vGynaecology |
||
| 942 | _cBK | ||
| 999 |
_c5614 _d5614 |
||